Namenstage November - Statistiken

Allgemein
  • Dieses Quiz wurde 11 mal gespielt
  • Das Durchschnittsergebnis liegt bei 65 aus 118
Antwortstatistiken
Tag\Nov. 📍 Vorname(n) % Korrekt
5. November B.r.h..d ♂️ Bernhard
100%
B.r.h..d ♂️ Bernhard*
100%
11. November Al.c.a ♀️ Alicja
86%
14. November B..j.m.n ♂️ Benjamin
86%
El.s.b..h ♀️ Elisabeth
86%
El.s.b..h ♀️ Elisabeth*
86%
F.l.x ♂️ Felix
86%
F..d.r..k ♂️ Frederick
86%
F.i.d...h ♂️ Friedrich
86%
J.h.n..s ♂️ Johannes
86%
J.h.n..s ♂️ Johannes*
86%
J.t.a ♀️ Jutta
86%
K.r.n ♀️ Karin
86%
K.t..r..a ♀️ Katharina
86%
K.t.r.n ♀️ Kathrin
86%
K..r.d ♂️ Konrad
86%
L.o ♂️ Leo
86%
M..t.n ♂️ Martin
86%
M..t.n ♂️ Martin*
86%
W..h..m ♂️ Wilhelm
86%
Z.c..r..s ♂️ Zacharias
86%
15. November A.b..t ♂️ Albert
71%
A.b..t ♂️ Albert*
71%
30. November A.d.e ♂️ André
71%
A.d..a ♀️ Andrea
71%
10. November A.d.e.s ♂️ Andreas
71%
A.d.e.s ♂️ Andreas*
71%
B.r.h..d ♂️ Bertold
71%
3. November B..t..d ♂️ Bertold*
71%
19. November B.t.i.a ♀️ Bettina
71%
C.r..a ♀️ Carola
71%
D..l.f ♂️ Detlef
71%
E.n.t ♂️ Ernst
71%
G..h..d ♂️ Gerhard
71%
16. November G..t..d ♀️ Gertrud
71%
17. November G..t..d ♀️ Gertrud*
71%
8. November G.t.f.i.d ♂️ Gottfried
71%
G..g.r ♂️ Gregor
71%
G..g.r ♂️ Gregor*
71%
H.r..d ♂️ Harald
71%
H.b..t ♂️ Hubert
71%
24. November J..m.n | Y..m.n ♀️ Jasmin | Yasmin
71%
K..l ♂️ Karl
71%
L.o.h..d ♂️ Leonhard
71%
L..p..d ♂️ Leopold
71%
M.x.m.l.a.e ♀️ Maximiliane
71%
M.l.n ♂️ Milan
71%
N.k.l..s ♂️ Nikolaus
71%
R.l..d ♂️ Roland
71%
T.e.d.r ♂️ Theodor
71%
26. November Ad..b..t ♂️ Adalbert
57%
22. November C.c.l.e ♀️ Cäcilie
57%
7. November C.r..a | K.r..a ♀️ Carina | Karina
57%
4. November C.r.a | K.r.a ♀️ Carla | Karla
57%
C.r.o ♂️ Carlo
57%
C.r..t..n ♂️ Christian
57%
12. November C.r..t..n ♂️ Christian*
57%
G.t.l..b ♂️ Gottlieb
57%
H.l.e ♀️ Hilde
57%
H..t..d ♀️ Hiltrud
57%
I.a ♀️ Ida
57%
I.a ♀️ Ida*
57%
K.n.b..t ♂️ Kunibert
57%
L..a ♀️ Lisa
57%
M..g.r..a ♀️ Margareta
57%
M.r.o ♂️ Mirko
57%
R.i.h..d ♂️ Reinhard
57%
R.d..f ♂️ Rudolf
57%
R.p..t ♂️ Rupert
57%
S.e..a ♀️ Svenja
57%
V..t.r.a ♀️ Viktoria
57%
2. November A.g..a ♀️ Angela
43%
C..l.t.a ♀️ Carlotta
43%
C.r.l..e ♀️ Caroline
43%
C.a.l.t.e ♀️ Charlotte
43%
6. November C.r..t..e ♀️ Christine
43%
29. November C.r..t..e ♀️ Christine*
43%
E..e ♀️ Else
43%
E..e ♀️ Else*
43%
Em.e.i.h ♂️ Emmerich
43%
G..t..r ♂️ Gunther | Günther
43%
23. November K..m..s | C..m..s ♂️ Klemens | Clemens
43%
M.c..h..d ♀️ Mechthild
43%
O.m.r ♂️ Otmar
43%
S..v.a | S..v.e ♀️ Silvia | Sylvia | Sylvie
43%
1. November A.t..r ♂️ Arthur
29%
28. November B..t.a ♀️ Bertha
29%
C.n.y ♀️ Cindy
29%
13. November C.l.n ♂️ Colin
29%
E.m..d ♂️ Edmund
29%
E.g..b..t ♂️ Engelbert
29%
H.l.a ♀️ Hilda
29%
M.l..a ♀️ Melina
29%
27. November O.a ♀️ Oda
29%
18. November O.o ♂️ Odo
29%
W.n.f..d ♂️ Winifred
29%
25. November B.r.o.d ♂️ Bernold
14%
20. November B.r.w..d ♂️ Bernward
14%
C..d ♂️ Cord
14%
E.b..t ♂️ Egbert
14%
K..s..n ♀️ Kirsten
14%
K..b.n..n ♂️ Korbinian
14%
L.i.p..d ♂️ Luitpold
14%
S.g..d ♂️ Sigurd
14%
D.e.o ♂️ Diego
0%
H..o ♂️ Hugo
0%
L..v.n ♂️ Lieven
0%
M.r.e..a ♀️ Mariella
0%
9. November N..t.r..s ♂️ Nektarios
0%
P..m.n ♂️ Pirmin
0%
S..l..n | S..l.a..s ♂️ Stylian | Stylianos
0%
W.r..n ♂️ Warren
0%
W..d.s..w ♂️ Wladyslaw
0%
Keine übereinstimmenden Quizze gefunden
Verteilung der Resultate
Anzahl Personen mit jedem Resultat
Perzentil nach korrekt beantworteten Fragen
Ihre Resultats-Entwicklung
Sie haben dieses Quiz noch nicht gespielt